000 00455nam a22001217a 4500
008 230605b xxu||||| |||| 00| 0 eng d
082 _a328.365
_bKNA
245 _aReport of the Select Committee Investigating Circumstances Leadingto the Death of the Late Dr. The Hon. Robert John Ouko, EGH,MP
_bNinth Parliament Fourth Session (Minutes)
260 _aNairobi, Kenya
_bKenya National Assembly
_cMarch, 2005
300 _a521p
440 _vIII
942 _2ddc
_cBK
999 _c311
_d311